| 000 | 01080nam a2200277Ia 4500 | ||
|---|---|---|---|
| 003 | OSt | ||
| 005 | 20210729160817.0 | ||
| 008 | 210310t1994 eu gr 000 0 eng d | ||
| 020 | _a0935328777 | ||
| 040 |
_aCO-JMCR _cCO-JMCR |
||
| 041 | 0 | _aeng | |
| 082 | 0 | 4 |
_a332.7 / _bG645a _223 |
| 100 | 1 |
_aGooch, Anthony C., _916529 _eautor |
|
| 245 | 1 | 0 |
_aAnnotated Sample Revolving credit Agreement / _cAnthony C. Gooch, Linda B. Klein ; Roberto G. MacLean and Jeswald W. Salacuse, general editors |
| 260 |
_aWashington, D.C. : _bInternational Law Institute, _c©1994 |
||
| 300 |
_avii, 108 páginas ; _c28 cm. |
||
| 490 | 0 | _aInternational negotiation and development. | |
| 500 | _aIncluye notas a pie de páginas | ||
| 650 | 1 | 4 |
_aPréstamos Extranjeros _916531 _xDerecho y legislación |
| 650 | 2 | 4 |
_aPréstamos bancarios _xLey y legislación _938899 |
| 650 | 2 | 4 |
_aMercado euro-dólar _xLey y legislación _938900 |
| 700 | 1 |
_aKlein, Linda B., _eautora _938901 |
|
| 700 | 1 |
_aMacLean, Roberto G., _eeditor _938902 |
|
| 700 | 1 |
_aSalacuse, Jeswald W., _eeditor _938903 |
|
| 942 |
_2ddc _cBK |
||
| 999 |
_c8172 _d8172 |
||